书目信息 |
| 题名: |
中国主要对外经济贸易伙伴
|
|
| 作者: | 黄晓玲 主编 | |
| 分册: | ||
| 出版信息: | 北京 对外经济贸易大学出版社 2005 |
|
| 页数: | 631 | |
| 开本: | 18cm | |
| 丛书名: | ||
| 单 册: | ||
| 中图分类: | F752.7 | |
| 科图分类: | ||
| 主题词: | 对外贸易--世界 | |
| 电子资源: | ||
| ISBN: | 7-81078-580-X | |
| 000 | 00574nam0 2200181 450 | |
| 001 | 0753815641 | |
| 005 | 20070930145655.64 | |
| 010 | @a7-81078-580-X@d¥34.00 | |
| 100 | @a20070930d km y0chiy0120 ea | |
| 101 | 0 | @achi |
| 200 | 1 | @a中国主要对外经济贸易伙伴@Azhong guo zhu yao dui wai jing ji mao yi huo ban@f黄晓玲主编@Fhuang xiao ling zhu bian |
| 210 | @a北京@c对外经济贸易大学出版社@d2005 | |
| 215 | @a631@d18cm | |
| 606 | 0 | @a对外贸易@x世界 |
| 690 | @aF752.7@v3 | |
| 701 | 0 | @a黄晓玲@Ahuang xiao ling@4主编 |
| 801 | 0 | @aCN@bPFT@c20070930 |
| 905 | @a213230@dF752.7@eg228@f1 | |
| 中国主要对外经济贸易伙伴/黄晓玲主编.-北京:对外经济贸易大学出版社,2005 |
| 631;18cm |
| ISBN 7-81078-580-X:¥34.00 |
| ● |
| 相关链接 |
|
|
|
|
正题名:中国主要对外经济贸易伙伴
索取号:F752.7/g228
 
预约/预借
| 序号 | 登录号 | 条形码 | 馆藏地/架位号 | 状态 | 备注 |
| 1 | 6504450 | 265044506 | 密集书库-海洋学院/ [索取号:F752.7/g228] | 在馆 |